| 000 | 00350nam a2200145Ia 4500 | ||
|---|---|---|---|
| 008 | 230917s9999||||xx |||||||||||||| ||und|| | ||
| 040 |
_e48427 _aMAIN |
||
| 041 | _aEnglish | ||
| 082 | _a843.6 D891R:A | ||
| 100 | _aRoss, Michael | ||
| 245 | 0 | _aAlexandre dumas | |
| 260 |
_aNewton Abbat _bDavid and Charles _c1981 |
||
| 300 | _a293 p. | ||
| 942 | _cBK | ||
| 999 |
_c226185 _d226185 |
||